000 00344nam a2200133Ia 4500
008 151213s9999 xx 000 0 und d
100 _aAlladi Uma
245 _aToni Morrisum :An Intricate Spectrum
_cAlladi Uma
260 _aNew Delhi
_bArrald Assea
_c1996
300 _a3533 p.
650 _aEnglish
700 _aAlladi Uma
999 _c2339
_d2339